The History of the great war military operations / (Record no. 187082)

000 -LEADER
fixed length control field 01225 a2200157 4500
003 - CONTROL NUMBER IDENTIFIER
control field Nust
005 - DATE AND TIME OF LATEST TRANSACTION
control field 20230201150916.0
040 ## - CATALOGING SOURCE
Transcribing agency Nust
082 ## - DEWEY DECIMAL CLASSIFICATION NUMBER
Classification number 940.3,HIS
100 ## - MAIN ENTRY--PERSONAL NAME
Personal name Brig Genral J. E. Edmonds
9 (RLIN) 108427
245 ## - TITLE STATEMENT
Title The History of the great war military operations /
260 ## - PUBLICATION, DISTRIBUTION, ETC.
Place of publication, distribution, etc. London
Name of publisher, distributor, etc. John Murray
Date of publication, distribution, etc. 1928
300 ## - PHYSICAL DESCRIPTION
Extent 545 pages
505 ## - FORMATTED CONTENTS NOTE
Formatted contents note The Outbreak Of War (Page-23), 22nd August 1914 (Page-53), The Battle Of Mons (Page-62), The Retreat From Mons And The Action Of Eclogues (Page-87), The Retreat Continued: Dawn Till Dusk 25th August (Page-110), The Retreat Continued: Evening And Night Of 25th/26th August (Page-124), The Battle Of Le Cateac: 26th August 1914- Dawn Till Noon (Page-141), The Battle Of Le Cateau: 26th August 1914, Noon Till 5 Pm (Page-161), The Close Of The Battle Of Le Cateau And The Continuation Of The Retreat (Page-176), Other Events Of The 26th-28th August (Page-203), 29th-31th August The Event Of The Retreat Continued (Page-225), The Last Stage Of The Retreat: 2nd-5th September 1914 (Page-236), The Retreat Continued: 1st September 1914 (Page-248), The Battle Of The Marne (Page-271), The Battle Of The Aisne (Page-324), Last Dayson The Aisne (Page-373).
942 ## - ADDED ENTRY ELEMENTS (KOHA)
Source of classification or shelving scheme
Koha item type Book
Holdings
Withdrawn status Lost status Source of classification or shelving scheme Damaged status Not for loan Permanent Location Current Location Shelving location Date acquired Full call number Barcode Date last seen Price effective from Koha item type Public note
          Military College of Signals (MCS) Military College of Signals (MCS) General Stacks 12/12/2016 940.3,HIS MCS29310 12/08/2016 12/12/2016 Book Almirah No.60, Shelf No.1
© 2023 Central Library, National University of Sciences and Technology. All Rights Reserved.